| 000 | 00554nam a22001697a 4500 | ||
|---|---|---|---|
| 999 |
_c12435 _d12435 |
||
| 008 | 230627b 2017 ||||| |||| 00| 0 eng d | ||
| 020 | _a9789811042553 | ||
| 082 |
_a512 _bLAL |
||
| 100 | _aLal, Ramji | ||
| 245 | _aAlgebra 2 : linear algebra, galois theory, representation theory, group extensions and schur multiplier | ||
| 260 |
_aUP _bRamji Lal, Harish Chandra Research Institute (HRI) _c2017 |
||
| 300 | _axviii, 432p. | ||
| 650 | _aVector Spaces | ||
| 650 | _aMatrices and Linear Equations | ||
| 650 | _aLinear Transformations | ||
| 942 | _cBK | ||